[Event "Skitles- G/25-3 sec delay - beer"]
[Site "Port Huron- Am.Legion"]
[Date "2018.06.09"]
[Round "?"]
[White "Wingrove, William"]
[Black "Rutkofske, Lonnie"]
[Result "1/2-1/2"]
[WhiteElo "1518"]
[BlackElo "1820"]
[PlyCount "94"]
[EventDate "2018.06.31"]
[EventType "game (rapid)"]

1. e4 e6 2. d4 d5 3. Nc3 Bb4 4. e5 c5 5. a3 cxd4 6. axb4 dxc3 7. Nf3 Qc7 8. Bd3 f6 9. exf6 Nxf6 10. O-O O-O 11. Re1 Nc6 12. bxc3 e5 13. Bb5 e4 14. Nd4 Bg4 15. Be2 Nxd4 16. Qxd4 Be6 17. Bg5 a6 18. Bxf6 Rxf6 19. f3 Rh6 20. g3 Rc8 21. Ra3 exf3 22. Bxf3 Qf7 23. Rf1 Rc4 24. Qd1 Rf6 25. Bg2 Rxf1+ 26. Bxf1 Rc8 27. Bg2 Rf8 28. Qd2 Qf5 29. Ra1 Rc8 30. Rd1 Rd8 31. Qe2 Bf7 32. Rf1 Qd7 33. Rd1 Qc7 34. Qe3 Re8 35. Qd4 Rd8 36. Qe3 h6 37. Qd4 Kh8 38. Qe3 Re8 39. Qd2 Qc4 40. Qf2 Bg8 41. Qd4 Qe2 42. Bf1 Qe4 43. Qxe4 dxe4 44. Rd7 e3 45. Be2 b5 46. Ra7 Bc4 47. Kf1 Re6 1/2-1/2

[Event "Skittles - G/25 3 sec delay"]
[Site "Goodrich"]
[Date "2018.06.23"]
[Round "?"]
[White "Kovatch, Eric"]
[Black "Rutkofske, Lonnie"]
[Result "0-1"]
[WhiteElo "1848"]
[BlackElo "508"]
[PlyCount "80"]
[EventDate "2018.06.23"]
[EventType "game (rapid)"]

1. e4 e6 2. Nf3 d5 3. e5 c5 4. d3 Bd7 5. Nbd2 Nc6 6. g3 f6 7. Qe2 fxe5 8. Nxe5 Nf6 9. Bg2 Bd6 10. f4 O-O 11. O-O Qc7 12. Nxd7 Qxd7 13. b3 Rae8 14. Bb2 Nd4 15. Bxd4 cxd4 16. Rae1 e5 17. f5 Bb4 18. h3 e4 19. g4 e3 20. Rd1 exd2 21. Qf2 Re3 22. Qf4 Bc3 23. g5 Nh5 24. g6 h6 25. Qh4 Ng3 26. f6 Nxf1 27. f7+ Kh8 28. Rxf1 Re1 29. Bf3 Rxf1+ 30. Kxf1 Qf5 31. Kg2 Qxg6+ 32. Kf2 Qxf7 33. Qh5 d1=Q 34. Qxf7 Qe1+ 35. Kg2 Rxf7 36. Bxd5 Qf2+ 37. Kh1 Qf1+ 38. Kh2 Rf2+ 39. Kg3 Qg1+ 40. Kh4 Qg5# 0-1

[Event "2018 Michigan Senior"]
[Site "FLINT"]
[Date "2018.06.23"]
[Round "1"]
[White "Bailey, Gregory"]
[Black "Jones, George"]
[Result "1-0"]
[WhiteElo "1900"]
[BlackElo "1673"]
[PlyCount "89"]
[EventDate "2018.06.23"]
[EventType "swiss"]
[EventRounds "4"]

1. f4 d5 2. Nf3 Nc6 3. d4 Nf6 4. e3 g6 5. c4 Bg7 6. cxd5 Qxd5 7. Nc3 Qd8 8. Bb5 Bd7 9. O-O O-O 10. d5 Nb4 11. Bc4 a5 12. e4 c6 13. Qe2 b5 14. dxc6 bxc4 15. cxd7 Nd3 16. e5 Ng4 17. Nd5 Qxd7 18. h3 Ngxe5 19. Nxe7+ Qxe7 20. fxe5 Bxe5 21. Nxe5 Qxe5 22. Qxe5 Nxe5 23. Bh6 Rfe8 24. Rf6 Nd3 25. Raf1 Ra7 26. b3 cxb3 27. axb3 Re1 28. Rd6 f5 29. Rxd3 Re4 30. Rfd1 Rb4 31. Rd8+ Kf7 32. R1d7+ Rxd7 33. Rxd7+ Ke6 34. Rd3 Ke5 35. Bd2 Rb5 36. Kf2 f4 37. Kf3 g5 38. Kg4 Ke4 39. Rf3 Rd5 40. Bc3 Rd1 41. Kxg5 h6+ 42. Kg4 Rd3 43. Rxd3 Kxd3 44. Bxa5 Ke4 45. Bd2 1-0

[Event "2018 Michigan Senior"]
[Site "Flint"]
[Date "2018.06.23"]
[Round "2"]
[White "Karakos, James"]
[Black "Jones, George"]
[Result "1-0"]
[WhiteElo "1812"]
[BlackElo "1763"]
[PlyCount "75"]
[EventDate "2018.06.23"]
[EventType "swiss"]
[EventRounds "4"]

1. d4 d5 2. c4 c6 3. Nc3 Nf6 4. e3 g6 5. Nf3 Bg7 6. Bd3 O-O 7. Qc2 dxc4 8. Bxc4 Nbd7 9. O-O Nb6 10. Bd3 Nbd5 11. a3 Re8 12. Ne5 Ng4 13. Nxg4 Bxg4 14. h3 Bc8 15. f4 e6 16. Bd2 b6 17. b4 Bb7 18. Rac1 Rc8 19. Na4 Ne7 20. Bc3 Qd7 21. Rfe1 Red8 22. Be4 Nd5 23. Bd2 c5 24. bxc5 Bc6 25. Nc3 bxc5 26. dxc5 a6 27. Nxd5 exd5 28. Bf3 Ba4 29. Qa2 Bb5 30. Ba5 Bc4 31. Qd2 Re8 32. Rxc4 Qb5 33. Rcc1 Rxc5 34. Rxc5 Qxc5 35. Bb4 Qa7 36. Kh1 Rb8 37. Qxd5 h6 38. Bc5 1-0

[Event "2018 Michigan Senior"]
[Site "Flint"]
[Date "2018.06.24"]
[Round "3"]
[White "Jones, George"]
[Black "Scioly, Anthony"]
[Result "1/2-1/2"]
[WhiteElo "1763"]
[BlackElo "1664"]
[PlyCount "77"]
[EventDate "2018.06.24"]
[EventType "swiss"]
[EventRounds "4"]

1. d4 d5 2. Nf3 Bg4 3. Bf4 Nc6 4. c3 Nf6 5. h3 Bh5 6. Nbd2 e6 7. e3 Bd6 8. Bg5 O-O 9. Be2 Bg6 10. Nh4 Qd7 11. Bxf6 gxf6 12. Nhf3 e5 13. O-O Kh8 14. c4 e4 15. Nh2 Bxh2+ 16. Kxh2 Ne7 17. Rg1 Rg8 18. Nf1 Qd6+ 19. Ng3 Rg7 20. c5 Qd7 21. b4 c6 22. Qe1 Qc7 23. Kh1 Rag8 24. a3 Nf5 25. Nxf5 Bxf5 26. g4 h5 27. Qd2 hxg4 28. Rg3 gxh3 29. Rxg7 Rxg7 30. Rg1 Rxg1+ 31. Kxg1 Qc8 32. Kh2 Bg4 33. a4 Qg8 34. Bf1 Qb8+ 35. f4 exf3+ {e. p.} 36. Kh1 Qg3 37. Qh2 Qxh2+ 38. Kxh2 Kg7 39. Bxh3 {=} 1/2-1/2

[Event "2018Michigan Senior"]
[Site "Flint"]
[Date "2018.06.24"]
[Round "4"]
[White "Jones, George"]
[Black "Whitworth, John"]
[Result "0-1"]
[WhiteElo "1763"]
[BlackElo "1680"]
[PlyCount "70"]
[EventDate "2018.06.24"]
[EventType "swiss"]
[EventRounds "4"]

1. d4 d5 2. Nf3 Nf6 3. Bf4 c6 4. Nbd2 Bf5 5. c3 e6 6. h3 Bd6 7. Ne5 O-O 8. e3 Qc7 9. Ndf3 Ne4 10. Be2 f6 11. Nd3 Bxf4 12. Nxf4 e5 13. Nd3 Nd7 14. O-O Ng5 15. Nxg5 fxg5 16. Bg4 e4 17. Bxf5 Rxf5 18. Nb4 Nf6 19. g4 Rf3 20. Kg2 Rf8 21. Nd3 Nd7 22. Nc5 Nxc5 23. dxc5 Qf7 24. Qe2 h5 25. Rad1 hxg4 26. hxg4 Qe6 27. Rg1 Qxg4+ 28. Kf1 Rxf2+ 29. Qxf2 Qxd1+ 30. Kg2 Rxf2+ 31. Kxf2 Qf3+ 32. Ke1 Qxe3+ 33. Kf1 Qf3+ 34. Ke1 e3 35. Rf1 Qg2 0-1

[Event "2018 Michigan Senior"]
[Site "Flint"]
[Date "2018.06.23"]
[Round "2"]
[White "Morabito, Matthew"]
[Black "Garrison, Raymond"]
[Result "0-1"]
[WhiteElo "1794"]
[BlackElo "1977"]
[Annotator "Doe,John"]
[PlyCount "40"]
[EventDate "2018.06.23"]
[EventType "swiss"]
[EventRounds "4"]

1. Nf3 f5 2. b3 g6 3. Bb2 Nf6 4. e3 Bg7 5. d4 O-O 6. c4 d6 7. Nc3 c6 8. Be2 Qc7 9. Rc1 e5 10. c5 e4 11. cxd6 Qxd6 12. Bc4+ Be6 13. Ba3 Qxa3 14. Bxe6+ Kh8 15. Ne5 Qe7 16. Bc4 Ne8 17. h4 Bxe5 18. dxe5 Qxe5 19. h5 Nf6 20. Ne2 $4 b5 0-1

[Event "2018 Michigan Open"]
[Site "Flint"]
[Date "2018.06.24"]
[Round "3"]
[White "Morabito, Matthew"]
[Black "LaForge, Thomas"]
[Result "0-1"]
[WhiteElo "1794"]
[BlackElo "1906"]
[PlyCount "32"]
[EventDate "2018.06.24"]
[EventType "swiss"]
[EventRounds "4"]

1. Nf3 d6 2. g3 Nf6 3. Bg2 g6 4. d3 Bg7 5. O-O O-O 6. c4 c5 7. Nc3 Nc6 8. e3 Bd7 9. d4 cxd4 10. Nxd4 Rc8 11. Qe2 a6 12. Bd2 Qb6 13. Na4 Nxd4 $1 14. exd4 Bxa4 15. b3 Bd7 16. Be3 Ng4 0-1

[Event "2018 Michigan Senior"]
[Site "Flint"]
[Date "2018.06.24"]
[Round "4"]
[White "Schweibert  , Loren"]
[Black "Morabito, Matthew"]
[Result "1/2-1/2"]
[WhiteElo "1691"]
[BlackElo "1794"]
[PlyCount "78"]
[EventDate "2018.06.24"]
[EventType "swiss"]
[EventRounds "4"]

1. e4 c5 2. Nf3 d6 3. Bb5+ Bd7 4. Bxd7+ Qxd7 5. O-O Nc6 6. Nc3 e6 7. Qe2 Nf6 8. d3 Be7 9. e5 dxe5 10. Nxe5 Nxe5 11. Qxe5 O-O 12. Bf4 Rfd8 13. Rae1 a6 14. h3 b5 15. Qe2 b4 16. Ne4 Qd4 17. Nxf6+ Bxf6 18. Be5 Bxe5 19. Qxe5 Rd5 20. Qxd4 cxd4 21. Re4 Rc8 22. Rc1 e5 23. f4 exf4 24. Rxf4 Rcd8 25. Re1 f6 26. Rfe4 Kf7 27. Re7+ Kg6 28. Rc7 R8d7 29. Rc4 a5 30. Re6 Kf5 31. Re4 h5 32. Kf2 g5 33. Kf3 Kg6 34. g4 hxg4+ 35. hxg4 R7d6 36. Kg3 f5 37. gxf5+ Kxf5 38. Kf3 Rd7 39. Kg3 R7d6 1/2-1/2

[Event "2018 Michigan Senior"]
[Site "Flint"]
[Date "2018.06.23"]
[Round "1"]
[White "Beider, Andrew"]
[Black "Morabito, Mathew"]
[Result "0-1"]
[WhiteElo "2031"]
[BlackElo "1974"]
[PlyCount "84"]
[EventDate "2018.06.23"]
[EventType "swiss"]
[EventRounds "4"]

1. e4 c5 2. c4 d6 3. Nc3 Nc6 4. Nf3 Nf6 5. h3 g6 6. d4 cxd4 7. Nxd4 Bg7 8. Be3 Qa5 9. Qd2 Nxd4 10. Bxd4 Nxe4 11. Bxg7 Nxd2 12. Bxh8 Nxf1 13. Rxf1 f6 14. O-O-O Qg5+ 15. f4 Qxg2 16. Rfe1 Kf7 17. Nd5 Be6 18. Nc7 Rxh8 19. Rxe6 Rc8 20. Rde1 Rxc7 21. b3 Qxh3 22. R6e3 Qf5 23. Kb2 Qxf4 24. Re4 Qd2+ 25. Kb1 h5 26. a4 d5 27. R4e3 dxc4 28. bxc4 Qb4+ 29. Ka2 Qxa4+ 30. Kb1 Qxc4 31. Re4 Qd3+ 32. Ka1 e5 33. R4e2 Qa3+ 34. Kb1 Qb4+ 35. Ka1 Rc6 36. Rb1 Qa3+ 37. Ra2 Qc3+ 38. Rbb2 Rb6 39. Kb1 Qe1+ 40. Kc2 Rc6+ 41. Kb3 Qc3+ 42. Ka4 Qc4+ 0-1

[Event "2018 Michigan Senior"]
[Site "Flint"]
[Date "2018.06.24"]
[Round "4"]
[White "Gregg, Alan"]
[Black "Burwell, Raymond"]
[Result "1-0"]
[WhiteElo "1974"]
[BlackElo "1600"]
[PlyCount "159"]
[EventDate "2018.06.23"]
[EventType "swiss"]
[EventRounds "4"]

1. b3 Nf6 2. Bb2 Nc6 3. Nf3 d5 4. e3 Bf5 5. Bb5 a6 6. Bxc6+ bxc6 7. Nd4 Bd7 8. Ba3 e5 9. Bxf8 Kxf8 10. Ne2 Ke7 11. O-O Re8 12. c4 Kf8 13. Nbc3 Bg4 14. f3 Bh5 15. d4 e4 16. fxe4 Nxe4 17. Nxe4 Rxe4 18. Qd2 Bxe2 19. Qxe2 Qg5 20. Rf3 Rae8 21. Qf2 R8e7 22. Re1 Kg8 23. c5 f6 24. Kf1 Qh4 25. Rh3 Qxf2+ 26. Kxf2 f5 27. Rf3 g6 28. h3 Kf7 29. b4 Re8 30. Rb1 Rb8 31. Rb3 Ra8 32. Ke2 a5 33. b5 a4 34. Rb4 cxb5 35. Rxb5 Ree8 36. Rb7 Rec8 37. Rf1 Rab8 38. Rfb1 Ra8 39. a3 Kf6 40. h4 h6 41. Kf3 g5 42. hxg5+ hxg5 43. g4 Ra6 44. gxf5 Kxf5 45. Rg1 Raa8 46. Rg4 Rab8 47. Ra7 Ra8 48. Rxa8 Rxa8 49. e4+ dxe4+ 50. Rxe4 Rb8 51. Re5+ Kf6 52. Kg4 Rb3 53. Rf5+ Ke7 54. Rxg5 Rxa3 55. Kf4 Ra1 56. Ke5 Kf7 57. Rh5 Kg7 58. Kd5 a3 59. Rh3 Kf6 60. Kc6 a2 61. Ra3 Ke6 62. Re3+ Kf5 63. Re2 Rd1 64. Rxa2 Rxd4 65. Kxc7 Rc4 66. c6 Ke5 67. Rd2 Ke6 68. Kb6 Rc1 69. Rd8 Rb1+ 70. Kc7 Rc1 71. Rh8 Ke7 72. Rh5 Ke6 73. Rb5 Rc2 74. Rb6 Ke7 75. Kc8 Ke8 76. c7 Rc1 77. Re6+ Kf7 78. Rh6 Ke7 79. Kb7 Kd7 80. c8=Q+ 1-0